Statistical and econometric methods for transportation data analysis / (Record no. 543084)

000 -LEADER
fixed length control field 00879cam a2200229 a 4500
020 ## - INTERNATIONAL STANDARD BOOK NUMBER
International Standard Book Number 142008285X (hardcover : alk. paper)
020 ## - INTERNATIONAL STANDARD BOOK NUMBER
International Standard Book Number 9781420082852 (hardcover : alk. paper)
082 00 - DEWEY DECIMAL CLASSIFICATION NUMBER
Classification number 388.015195
Author Mark WAS
-- N-01, P-232
100 1# - MAIN ENTRY--PERSONAL NAME
Personal name Washington, Simon.
9 (RLIN) 38441
245 10 - TITLE STATEMENT
Title Statistical and econometric methods for transportation data analysis /
Statement of responsibility, etc. Simon P. Washington, Matthew G. Karlaftis, Fred L. Mannering.
250 ## - EDITION STATEMENT
Edition statement 2nd ed.
260 ## - PUBLICATION, DISTRIBUTION, ETC.
Place of publication, distribution, etc. Boca Raton, FL :
Name of publisher, distributor, etc. CRC Press,
Date of publication, distribution, etc. c2011.
300 ## - PHYSICAL DESCRIPTION
Extent xvii, 526 p. :
Other physical details ill. ;
Dimensions 25 cm.
500 ## - GENERAL NOTE
General note "A Chapman & Hall book"--Cover.
526 ## - STUDY PROGRAM INFORMATION NOTE
Program name 0
Interest level 0
Reading level 0
Title point value 388_015195000000000_WAS
650 #0 - SUBJECT ADDED ENTRY--TOPICAL TERM
Topical term or geographic name entry element NUST
9 (RLIN) 6342
650 #0 - SUBJECT ADDED ENTRY--TOPICAL TERM
Topical term or geographic name entry element Transportation
General subdivision Econometric models.
9 (RLIN) 38442
650 #0 - SUBJECT ADDED ENTRY--TOPICAL TERM
Topical term or geographic name entry element Transportation
General subdivision Statistical methods.
9 (RLIN) 38443
700 1# - ADDED ENTRY--PERSONAL NAME
Personal name Karlaftis, Matthew G.
9 (RLIN) 38444
700 1# - ADDED ENTRY--PERSONAL NAME
Personal name Mannering, Fred L.
9 (RLIN) 38445
942 ## - ADDED ENTRY ELEMENTS (KOHA)
Source of classification or shelving scheme
Koha item type Book
Holdings
Withdrawn status Lost status Source of classification or shelving scheme Damaged status Not for loan Permanent Location Current Location Date acquired Total Checkouts Full call number Barcode Date last seen Price effective from Koha item type
          Military College of Engineering (MCE) Military College of Engineering (MCE) 03/05/2014   388.015195 WAS MCE-45939 03/05/2014 03/05/2014 Book
© 2023 Central Library, National University of Sciences and Technology. All Rights Reserved.